Dealing with people you can't stand : how to bring out the best in people at their worst

Bibliographic Details
Main Author: Brinkman, Rick
Other Authors: Kirschner, Rick
Format: Book
Published: Singapore : McGraw Hill , 2012
Subjects:

MARC

LEADER 00000cam a2200000 7i4500
001 0000003976
005 20130213.0
020 0 0 |a 9781259011535 
090 0 0 |a 302.35   |b RICK 
100 1 0 |a Brinkman, Rick 
245 1 0 |a Dealing with people you can't stand :   |b how to bring out the best in people at their worst   |c by Rick Brinkman dand Rick Kirschner--Rev. and expended 3rd ed. 
260 0 0 |a Singapore :   |b McGraw Hill ,   |c 2012 
300 |a xv, 283p. ;   |c 23cm. 
650 0 0 |a Interpersonal communications 
650 0 0 |a Interpersonal relations 
650 0 0 |a Psychology, industrial 
700 0 1 |a Brinkman, Rick 
700 0 1 |a Kirschner, Rick 
999 |a 007777   |b Monograph   |c Open Shelf   |e Default branch